| 000 | 00955nam a22003131 4500 | ||
|---|---|---|---|
| 001 | 21849 | ||
| 003 | BD-RjUL | ||
| 005 | 20211209000733.0 | ||
| 008 | 790925s1915 enk 000 0 eng | ||
| 035 | _aMITb10540303 | ||
| 035 | _a(BD-RjUL)21914 | ||
| 035 | _a(BD-RjUL)21914 | ||
| 040 |
_aDLC _cDLC _dm.c. _dBD-RjUL _beng |
||
| 041 | _aeng | ||
| 082 |
_a880.23 _bLIG 1915 |
||
| 090 |
_aDF77 _b.L5 1915x |
||
| 099 | _aDF77.L5 1915x | ||
| 100 | 1 |
_aLivingstone, R. W. _d1880-1960. _qRichard Winn Livingstone. _967458 |
|
| 245 | 1 | 4 |
_aThe Greek genius and its meaning to us / _cby R. W. Livingstone . |
| 250 | _a2d ed. | ||
| 260 |
_aLondon, _bOxford University Press, _c1915. |
||
| 300 |
_a250 p. : _c24 cm. |
||
| 650 | 0 |
_aGreek literature _xHistory and criticism. _967459 |
|
| 651 | 0 |
_aGreece _xCivilization _yTo 146 B.C. _966690 |
|
| 942 |
_2ddc _cBK |
||
| 949 |
_aMYGW _b39080006752486 |
||
| 999 |
_c21849 _d21849 |
||